Länder mit Hinweisen #3 - Statistiken

Allgemein
  • Dieses Quiz wurde 24.847 mal gespielt
  • Das Durchschnittsergebnis liegt bei 11 aus 22
Antwortstatistiken
Hinweis Land % Korrekt
Pyramiden, Kleopatra, Tahrir-Platz Ägypten
100%
Vulkane, Wikinger, Björk Island
90%
Malmö, Einkommensgleichheit, Stieg Larsson Schweden
88%
dreiblättriges Kleeblatt, James Joyce, Blarney-Stein Irland
86%
Madeira, Vasco da Gama, Algarve Portugal
80%
Borschtsch, Schwarzes Meer, Odessa Ukraine
70%
Balkan, Strände, Dubrovnik Kroatien
69%
Machu Picchu, Ceviche, Fujimori Peru
66%
Mikronation, Pyrenäen, Katalanisch Andorra
56%
Malagasy, Lemuren, Antananarivo Madagaskar
55%
Kilimandscharo, Dodoma, Swahili Tansania
53%
Larnaka, Geburt der Aphrodite, Geteilte Insel Zypern
49%
Ceylon, Singhalesisch, Tränenform Sri Lanka
39%
Titicacasee, Cochabamba, Kokablatt Bolivien
38%
Massai, Mombasa, Marathons Kenia
38%
Binnenland, Guarani, Asunción Paraguay
37%
Victoriasee, Kampala, Idi Amin Uganda
37%
Tutsis, Kigali, Berggorillas Ruanda
24%
Luzon, Rückkehr von MacArthur, Tagalog Philippinen
21%
Citgo, Chávez, Isla Margarita Venezuela
19%
Papa Doc, Sklavenaufstand, Wyclef Jean Haiti
17%
Black Hawk Down, Scharia, Golf von Aden Somalia
17%
Keine übereinstimmenden Quizze gefunden
Verteilung der Resultate
Anzahl Personen mit jedem Resultat
Perzentil nach korrekt beantworteten Fragen
Ihre Resultats-Entwicklung
Sie haben dieses Quiz noch nicht gespielt